000 00600nam a22002177a 4500
003 UA-OsUOA
001 38590
007 ta
008 20080125b un ||||| |||| 00| 0 ukr d
090 _a82(477)
_bХ91
942 _cBK
040 _aUA-OsUOA
_bukr
_cUA-OsUOA
_dUA-OsUOA
245 _aХрестоматія з української літератури в Канаді 1897-2000
300 _a632 с.
955 _a1
041 _aukr
080 _a82(477)
260 _aЕдмонтон
_c2000
650 7 _a82 Література. Літературознавство
_2UDC
999 _c437080
_d437080